000 01021nam2a22002291 4500
001 rc\2223673
005 20250623094454.0
035 _a(NLR Aleph) 006708141
090 _a5314531
_c5314531
100 _a20110829d1979 |||y0rusy50 ca
101 0 _arus
102 _aRU
105 _ay b |||||
200 1 _aШтукатурные работы
210 _d1979
_aБ. м.
215 _a110 с.
461 0 _1001rc\2234048
_12001#$aУкрупненные нормативы на строительно-монтажные работы$fМ-во пром. стр-ва АзССР, Центр. нормат.-исслед. станция$vРазд. 10
_96366064
_cБаку
_d1978-
_fМ-во пром. стр-ва АзССР, Центр. нормат.-исслед. станция
_nБ. и.
_tУкрупненные нормативы на строительно-монтажные работы
_vРазд. 10
801 0 _aRU
_bNLR
_gpsbo
801 1 _aRU
_bELAR
_2rusmarc
852 _aNLR
_jПт 80.11/56
942 _cBOOK
980 _aNB